Анализ малой выборки. Прикладные статистические методы

Dades bibliogràfiques
Autor principal: Сухорученков Б. И. Борис Иванович
Sumari:Излагаются методы статистического анализа случайных величин по выборке ограниченного объема. Особое внимание уделяется новым инженерным методам точечного и интервального оценивания стабильных и переменных параметров распределения дискретных и непрерывных случайных величин, а также методам проверки статистических гипотез о типах и параметрах распределения случайных величин. Представленные статистические методы могут быть полезны для инженеров, научных работников (исследователей и экспериментаторов), аспирантов и студентов вузов при решении практических задач статистической обработки результатов ограниченного объема наблюдений (испытаний, измерений, экспериментов) для определения закономерностей исследуемых случайных показателей в различных областях науки и техники.
Idioma:rus
Publicat: Москва, Вузовская книга, 2010
Matèries:
Format: MixedMaterials Llibre
KOHA link:https://koha.lib.tpu.ru/cgi-bin/koha/opac-detail.pl?biblionumber=199918

MARC

LEADER 00000nam0a2200000 4500
001 199918
005 20231101224922.0
010 |a 9785950204265 
035 |a (RuTPU)RU\TPU\book\217977 
090 |a 199918 
100 |a 20110829d2010 km y0rusy50 ca 
101 0 |a rus 
102 |a RU 
105 |a a z 001zy 
200 1 |a Анализ малой выборки. Прикладные статистические методы  |f Б. И. Сухорученков 
210 |a Москва  |c Вузовская книга  |d 2010 
215 |a 384 с.  |c ил. 
320 |a Библиогр.: с. 371-374. 
320 |a Предметный указатель: с. 365-370. 
330 |a Излагаются методы статистического анализа случайных величин по выборке ограниченного объема. Особое внимание уделяется новым инженерным методам точечного и интервального оценивания стабильных и переменных параметров распределения дискретных и непрерывных случайных величин, а также методам проверки статистических гипотез о типах и параметрах распределения случайных величин. Представленные статистические методы могут быть полезны для инженеров, научных работников (исследователей и экспериментаторов), аспирантов и студентов вузов при решении практических задач статистической обработки результатов ограниченного объема наблюдений (испытаний, измерений, экспериментов) для определения закономерностей исследуемых случайных показателей в различных областях науки и техники. 
606 1 |a Случайные величины  |x Статистический анализ  |2 stltpush  |3 (RuTPU)RU\TPU\subj\71493  |9 85381 
610 1 |a малая выборка 
610 1 |a анализ 
610 1 |a теория вероятностей 
610 1 |a математическая статистика 
610 1 |a распределения 
610 1 |a оценивание 
610 1 |a статистические гипотезы 
610 1 |a метод максимального правдоподобия 
610 1 |a метод моментов 
610 1 |a метод наименьших квадратов 
610 1 |a интервальное оценивание 
610 1 |a метод несмещенных оценок 
610 1 |a дискретные случайные величины 
610 1 |a непрерывные случайные величины 
675 |a 519.246  |v 3 
700 1 |a Сухорученков  |b Б. И.  |g Борис Иванович 
801 1 |a RU  |b 63413507  |c 20110829 
801 2 |a RU  |b 63413507  |c 20120419  |g RCR 
900 |a Статистика 
942 |c BK 
959 |a 70/20110829  |d 1  |e 617,76  |f ЧЗГЛ:1